Statistics for Most Common Last Names in North America

Click here to take the quiz!

General Stats

  • This quiz has been taken 28 times
  • The average score is 8 of 23

Answer Stats

Country Last Name % Correct
CanadaSmith
100%
Costa RicaRodriguez
56%
El SalvadorHernandez
52%
BelizeMartinez
44%
GuatemalaLopez
40%
St. Kitts & NevisWilliams
32%
JamaicaBrown
16%
HaitiJean
8%
GrenadaCharles
4%
Antigua & BarbudaJoseph
0%
BahamasRolle
0%
BarbadosClarke
0%
Trinidad & TobagoMohammed
0%

Score Distribution

Percentile by Number Answered

Percent of People with Each Score

Your Score History

You have not taken this quiz